[Event "Titled Tue 3rd Jun Early"]
[Site "chess.com INT"]
[Date "2025.06.03"]
[Round "2"]
[White "Ersoz, Teoman Guney"]
[Black "Xiong, Jeffery"]
[Result "0-1"]
[WhiteTitle "CM"]
[BlackTitle "GM"]
[WhiteElo "2090"]
[BlackElo "2636"]
[WhiteFideId "44537050"]
[BlackFideId "2047640"]
[EventDate "2025.06.03"]

1. e4 c5 2. Nf3 d6 3. d4 cxd4 4. Nxd4 Nf6 5. Nc3 a6 6. Bg5 e6 7. f4 h6 8. Bh4
Qb6 9. Qd3 Nc6 10. O-O-O Be7 11. Be2 Bd7 12. Bf2 Qc7 13. Bf3 Rc8 14. Rhe1 Nb4
15. Qd2 Qa5 16. Kb1 Rxc3 17. Qxc3 Qxa2+ 18. Kc1 Qa5 19. Qa3 Na2+ 20. Kb1 Qxa3
21. bxa3 Nc3+ 22. Kb2 Nxd1+ 23. Rxd1 e5 24. fxe5 dxe5 25. Nb3 Bc6 26. Nc5 O-O
27. Be3 Rc8 28. Nd3 Bxe4 29. Bxe4 Nxe4 30. Nxe5 Bf6 31. Bd4 Nd6 32. Nf3 Nc4+ 33.
Kb3 Be7 34. a4 Na5+ 35. Kb2 Rc4 36. Bc3 Rxa4 37. Bxa5 Rxa5 38. Rd7 Rb5+ 39. Kc3
Bf6+ 40. Kc4 Rb2 41. Nd4 Bxd4 42. Kxd4 Rxc2 43. Rxb7 Rxg2 44. Ra7 Rxh2 45. Rxa6
Re2 46. Kd3 Re6 47. Ra7 g5 48. Ra4 Kg7 49. Rd4 h5 50. Rd5 Kg6 51. Kd2 h4 52. Rd3
g4 53. Rd4 Kf5 54. Rd5+ Re5 55. Rd7 f6 56. Rh7 h3 57. Rg7 Kf4 58. Kd3 g3 59. Kd4
h2 60. Rh7 g2 61. Rxh2 g1=Q+ 0-1

[Event "Titled Tue 3rd Jun Early"]
[Site "chess.com INT"]
[Date "2025.06.03"]
[Round "2"]
[White "Kleiman, Jake"]
[Black "Aronian, Levon"]
[Result "0-1"]
[WhiteTitle "IM"]
[BlackTitle "GM"]
[WhiteElo "2399"]
[BlackElo "2747"]
[WhiteFideId "2020041"]
[BlackFideId "13300474"]
[EventDate "2025.06.03"]

1. e4 c5 2. c3 e6 3. d4 d5 4. exd5 Qxd5 5. Nf3 Nf6 6. Na3 Qd8 7. Be3 cxd4 8.
Nxd4 Bxa3 9. Qa4+ Bd7 10. Qxa3 Nd5 11. Bd2 Qe7 12. Qxe7+ Kxe7 13. O-O-O Rc8 14.
Kb1 Nc6 15. Nxc6+ Bxc6 16. Bd3 h6 17. Rhe1 Nf6 18. f3 a6 19. Bf4 Bd5 20. Be5 Rc6
21. Bc2 Kf8 22. Bxf6 gxf6 23. Be4 Bxe4+ 24. Rxe4 f5 25. Rh4 Kg7 26. Rd7 b5 27.
Rhd4 Kf6 28. Rb7 Rg8 29. g3 h5 30. Kc2 Rc5 31. Kd3 Re5 32. Rdd7 Rg7 33. Rd4 Re1
34. Kc2 Rf1 35. Rh4 Kg6 36. Ra7 Rg8 37. Rxa6 Rd8 38. Rd4 Rxd4 39. cxd4 Rf2+ 40.
Kc3 Rxf3+ 41. Kb4 Rf2 42. b3 Rxh2 43. Kxb5 Rg2 44. Ra8 Kg7 45. a4 Rxg3 46. b4 h4
47. Rc8 h3 48. Rc1 f4 49. a5 f3 50. a6 f2 51. a7 Rg1 52. a8=Q Rxc1 53. Qf3 f1=Q+ 0-1

[Event "Titled Tue 3rd Jun Early"]
[Site "chess.com INT"]
[Date "2025.06.03"]
[Round "2"]
[White "Vyom Malhotra"]
[Black "Belov, Alexei"]
[Result "1-0"]
[WhiteTitle "CM"]
[BlackTitle "IM"]
[WhiteElo "1975"]
[BlackElo "2421"]
[WhiteFideId "33383561"]
[BlackFideId "4128206"]
[EventDate "2025.06.03"]

1. e4 e6 2. d4 d5 3. Nd2 Nf6 4. e5 Nfd7 5. c3 c5 6. Ngf3 Nc6 7. Bb5 Qb6 8. a4
cxd4 9. cxd4 Nxd4 10. Nxd4 Qxd4 11. O-O a6 12. Bxd7+ Bxd7 13. Qe2 Rc8 14. Nf3
Qe4 15. Be3 Bc5 16. Qd2 Bxe3 17. fxe3 Rc2 18. Qd4 Qxd4 19. exd4 Rxb2 20. a5 Ke7
21. Rfc1 f6 22. Rab1 Rxb1 23. Rxb1 Bb5 24. Rc1 Kd7 25. g4 Rc8 26. Ra1 Be2 27.
Kf2 Rc2 28. Ne1 Rb2 29. exf6 gxf6 30. Kg3 e5 31. dxe5 fxe5 32. Ng2 d4 33. Ne1
Kd6 34. h4 e4 35. h5 Ke5 36. h6 d3 37. Ng2 d2 38. g5 Kf5 39. Kh4 d1=Q 40. Ne3+
Kf4 41. Ng2+ Kf3 42. Rxd1 Bxd1 43. g6 hxg6 44. h7 Rxg2 45. Kh3 Rg3+ 46. Kh2 1-0

[Event "Titled Tue 3rd Jun Early"]
[Site "chess.com INT"]
[Date "2025.06.03"]
[Round "2"]
[White "Rubes, Jan"]
[Black "Dubnevych, Maksym"]
[Result "1-0"]
[WhiteTitle "IM"]
[BlackTitle "FM"]
[WhiteElo "2426"]
[BlackElo "2292"]
[WhiteFideId "338176"]
[BlackFideId "14184001"]
[EventDate "2025.06.03"]

1. d4 Nf6 2. Nc3 d5 3. Bf4 e6 4. Nb5 Bd6 5. Nxd6+ cxd6 6. e3 O-O 7. h3 Nc6 8.
Nf3 Re8 9. Be2 h6 10. O-O a6 11. a4 e5 12. Bh2 Bf5 13. c4 dxc4 14. Bxc4 Qa5 15.
dxe5 dxe5 16. Qb3 Qc7 17. a5 Re7 18. Qa2 Rd8 19. Rfc1 Qd6 20. Qb3 Red7 21. Bg3
Ne4 22. Bh4 g5 23. Rd1 Qxd1+ 24. Rxd1 Rxd1+ 25. Kh2 gxh4 26. Bxf7+ Kf8 27. Bh5
R8d7 28. Nxh4 Bh7 29. Bxd1 Nxf2 30. Bh5 Ne4 31. Qe6 Nc5 32. Qxh6+ Kg8 33. Bg6
Bxg6 34. Nxg6 Rg7 35. h4 Ne4 36. h5 Nf6 37. Qh8+ Kf7 38. Qf8+ Ke6 39. Qxg7 Nxh5
40. Qg8+ Kf5 41. g4+ Kxg4 42. Nxe5+ Kf5 43. Nxc6 bxc6 44. Qf7+ Nf6 45. Qa7 Ke5
46. Qxa6 Ng4+ 47. Kg3 Nxe3 48. Qb7 Nf5+ 49. Kh2 Nd6 50. Qb8 Kd5 51. a6 Nb5 52.
a7 Nxa7 53. Qxa7 c5 54. Kg2 c4 55. Kf3 Kc6 56. Qd4 c3 57. bxc3 Kb5 58. Qb4+ Kc6
59. Ke4 Kc7 60. Qe7+ 1-0

[Event "Titled Tue 3rd Jun Early"]
[Site "chess.com INT"]
[Date "2025.06.03"]
[Round "2"]
[White "Nagare Kaivalya Sandip"]
[Black "Kim, Sergey"]
[Result "1/2-1/2"]
[WhiteTitle "FM"]
[BlackTitle "FM"]
[WhiteElo "2321"]
[BlackElo "2295"]
[WhiteFideId "25957929"]
[BlackFideId "13700570"]
[EventDate "2025.06.03"]

1. e4 e5 2. Nf3 Nc6 3. Bb5 a6 4. Ba4 Nf6 5. O-O b5 6. Bb3 Bc5 7. a4 Bb7 8. d3 d6
9. Nc3 b4 10. Nd5 h6 11. a5 O-O 12. c3 bxc3 13. bxc3 Rb8 14. Be3 Bxe3 15. Nxf6+
Qxf6 16. fxe3 Qe7 17. Ra2 Bc8 18. Bd5 Nd8 19. Raf2 Be6 20. d4 Bxd5 21. exd5 Rb5
22. c4 Rxa5 23. Qd2 Ra4 24. Qc2 Ra3 25. Qc1 Ra4 26. g3 c6 27. Nh4 cxd5 28. Ng6
Qc7 29. Nxf8 Rxc4 30. Qa1 exd4 31. exd4 Kxf8 32. Qxa6 Qc6 33. Qa7 Qc7 34. Qa8 f6
35. Qxd5 Qc6 36. Qa5 Nf7 37. Qa7 Kg8 38. Qb8+ Kh7 39. Qf8 Qd5 40. Qe7 Ng5 41. h4
Nh3+ 42. Kh2 Nxf2 43. Rxf2 Rxd4 44. Qe2 Rd3 45. Qc2 f5 46. Qc8 Rf3 47. Rxf3 Qxf3
48. Qe6 Qf2+ 49. Kh3 Qf1+ 50. Kh2 Qf2+ 51. Kh3 Qf1+ 52. Kh2 Qf2+ 1/2-1/2

[Event "Titled Tue 3rd Jun Early"]
[Site "chess.com INT"]
[Date "2025.06.03"]
[Round "2"]
[White "Behzad Nazif, Parva"]
[Black "Sahbudak, Baris Cinar"]
[Result "1-0"]
[WhiteTitle "WIM"]
[BlackTitle "CM"]
[WhiteElo "2090"]
[BlackElo "2072"]
[WhiteFideId "12563790"]
[BlackFideId "26351633"]
[EventDate "2025.06.03"]

1. e4 c5 2. Nf3 d6 3. Bb5+ Bd7 4. Bxd7+ Qxd7 5. O-O Nc6 6. Re1 g6 7. c3 Bg7 8.
d4 cxd4 9. cxd4 e6 10. Nc3 Nge7 11. Bg5 h6 12. Be3 O-O 13. Qd2 Kh7 14. Rac1 Rac8
15. Nb5 a6 16. Na3 d5 17. e5 Nf5 18. Nc2 Rc7 19. Bf4 Rfc8 20. Na1 b6 21. Qd3 Nb4
22. Rxc7 Rxc7 23. Qb3 Qb5 24. Rd1 Rc4 25. a3 Nc6 26. Qxb5 axb5 27. b3 Rc3 28.
Bd2 Rxf3 29. gxf3 Nfxd4 30. f4 g5 31. Be3 Ne2+ 32. Kf1 Nxf4 33. Bxb6 Nxe5 34.
Nc2 Nf3 35. a4 bxa4 36. bxa4 Nxh2+ 37. Kg1 Nf3+ 38. Kh1 Ne2 39. a5 Nc3 40. a6
Nxd1 41. a7 Nc3 42. a8=Q Ne4 43. Qe8 Kg6 44. Nb4 Ne5 45. Qb8 Ng4 46. f3 Ng3+ 47.
Kg2 Be5 48. Qg8+ Kh5 49. fxg4+ Kxg4 50. Qxf7 Bf4 51. Nd3 Nf5 52. Nxf4 Kxf4 53.
Qxe6 d4 54. Bc7+ Kg4 55. Qe4+ Kh5 56. Qxf5 d3 57. Qxd3 Kg4 58. Qh3# 1-0

[Event "Titled Tue 3rd Jun Early"]
[Site "chess.com INT"]
[Date "2025.06.03"]
[Round "2"]
[White "Hauser, Carlos"]
[Black "Vingris, Mikelis"]
[Result "1/2-1/2"]
[WhiteTitle "CM"]
[WhiteElo "2219"]
[BlackElo "2102"]
[WhiteFideId "24608238"]
[BlackFideId "11611731"]
[EventDate "2025.06.03"]

1. e4 c5 2. Nf3 Nc6 3. Bb5 e5 4. O-O Bd6 5. c3 a6 6. Bxc6 dxc6 7. d4 exd4 8.
cxd4 Bg4 9. e5 Bc7 10. h3 Bxf3 11. Qxf3 Qxd4 12. Re1 Ne7 13. Nc3 O-O 14. Bg5 Ng6
15. Rad1 Qc4 16. Qf5 h6 17. Re4 Qe6 18. Qxe6 fxe6 19. Be3 Bxe5 20. Bxc5 Rfd8 21.
Ree1 Kf7 22. Bb6 Rxd1 23. Rxd1 Bxc3 24. bxc3 Re8 25. Bc5 b5 26. Rd7+ Kf6 27. g3
Ne5 28. Bd4 Kf5 29. Rxg7 Nf3+ 30. Kg2 Nxd4 31. cxd4 Ke4 32. Rc7 Kd5 33. Rd7+ Kc4
34. Rd6 a5 35. Kf3 c5 36. Ke4 cxd4 37. Rxd4+ Kc3 38. Rd3+ Kc2 39. f4 a4 40. a3
Kb2 41. g4 b4 42. axb4 a3 43. Rd2+ Kb3 44. Rd3+ Kxb4 45. Ke5 a2 46. Rd1 Kb3 47.
h4 Kb2 48. g5 hxg5 49. fxg5 a1=Q 50. Rxa1 Kxa1 51. h5 Rg8 52. Kf6 e5 53. h6 e4
54. h7 Rf8+ 55. Kg7 Ra8 56. h8=Q Rxh8 57. Kxh8 e3 58. g6 e2 59. g7 e1=Q 60. g8=Q
Qh4+ 61. Qh7 Qxh7+ 62. Kxh7 1/2-1/2

[Event "Titled Tue 3rd Jun Early"]
[Site "chess.com INT"]
[Date "2025.06.03"]
[Round "2"]
[White "Bahmani, Koorosh"]
[Black "Shapiro, Daniel"]
[Result "1/2-1/2"]
[WhiteTitle "CM"]
[BlackTitle "FM"]
[WhiteElo "2208"]
[BlackElo "2284"]
[WhiteFideId "42576750"]
[BlackFideId "2001780"]
[EventDate "2025.06.03"]

1. Nf3 e6 2. g3 f5 3. d3 Nf6 4. e4 fxe4 5. dxe4 Nxe4 6. Bd3 Nf6 7. Ng5 Qe7 8.
O-O b6 9. Qf3 Nc6 10. Nc3 Bb7 11. Be3 O-O-O 12. Qe2 Ne5 13. Ba6 h6 14. Nf3 Nxf3+
15. Qxf3 d5 16. Bxb7+ Kxb7 17. Rfe1 Qd7 18. a4 Bb4 19. Bd4 Rhf8 20. Qd3 a5 21.
Re2 c5 22. Be5 Ng4 23. Nb5 Nxe5 24. Rxe5 c4 25. Qe2 Bc5 26. Rf1 Rf6 27. Kg2 Rdf8
28. f4 g5 29. f5 Rxf5 30. Rfxf5 Rxf5 31. Rxf5 exf5 32. Qe5 d4 33. Kf1 d3 34.
cxd3 Qxd3+ 35. Ke1 Qe3+ 36. Qxe3 Bxe3 37. Nd6+ Kc6 38. Nxc4 Bg1 39. h3 Kc5 40.
Ne5 Bd4 41. Nf7 Bxb2 42. Nxh6 b5 43. axb5 a4 44. Kd2 a3 45. Kc2 Kxb5 46. Nxf5
Kc5 47. Kb3 Kd5 48. Ne3+ Ke4 49. Nf1 Kf3 50. h4 gxh4 51. gxh4 Kg4 52. Nd2 Kxh4
53. Nc4 Bc1 54. Nxa3 1/2-1/2

[Event "Titled Tue 3rd Jun Early"]
[Site "chess.com INT"]
[Date "2025.06.03"]
[Round "2"]
[White "Amangeldy, Ernur"]
[Black "Khazhatuly, Alikhan"]
[Result "0-1"]
[WhiteTitle "FM"]
[BlackTitle "CM"]
[WhiteElo "2231"]
[BlackElo "2196"]
[WhiteFideId "13720244"]
[BlackFideId "13731335"]
[EventDate "2025.06.03"]

1. e4 c5 2. Nf3 e6 3. Nc3 Nc6 4. h3 a6 5. g3 b5 6. Bg2 Bb7 7. O-O d6 8. d4 cxd4
9. Nxd4 Nxd4 10. Qxd4 e5 11. Qd3 Nf6 12. Bg5 Be7 13. Rfd1 O-O 14. Bxf6 gxf6 15.
Nd5 Bxd5 16. exd5 Kh8 17. Be4 h6 18. Qe3 Kg7 19. Qf3 Rg8 20. Qg4+ Kh8 21. Qh4
Qf8 22. Bf5 Rg5 23. Qe4 Ra7 24. h4 Rg8 25. a4 Rc7 26. axb5 axb5 27. Ra6 Rc4 28.
Qe2 Rxh4 29. Rda1 Qg7 30. Ra8 Qg5 31. Rxg8+ Kxg8 32. Be4 f5 33. Bg2 Rc4 34. b3
Rc5 35. c3 Kg7 36. c4 bxc4 37. b4 Rb5 38. Qxc4 Rb8 39. b5 Bd8 40. Qc6 Qe7 41.
Ra6 Qc7 42. Qxd6 Qc1+ 43. Kh2 Rc8 44. Rc6 Rxc6 45. bxc6 Bb6 46. Qxe5+ Kg6 47. d6
Bxf2 48. d7 Qg1+ 49. Kh3 Qd1 50. c7 Qh5# 0-1

[Event "Titled Tue 3rd Jun Early"]
[Site "chess.com INT"]
[Date "2025.06.03"]
[Round "2"]
[White "Levitan, Caleb Levi"]
[Black "Neustroev, Victor"]
[Result "1-0"]
[WhiteTitle "FM"]
[BlackTitle "FM"]
[WhiteElo "2333"]
[BlackElo "2283"]
[WhiteFideId "14332620"]
[BlackFideId "4144147"]
[EventDate "2025.06.03"]

1. e4 c5 2. Nf3 e6 3. d4 cxd4 4. Nxd4 a6 5. c4 Nf6 6. Nc3 Qc7 7. a3 b6 8. Be3
Bb7 9. f3 d6 10. Be2 Nbd7 11. O-O Be7 12. Qd2 O-O 13. Rac1 Rac8 14. Rfd1 Qb8 15.
b4 Rfe8 16. Nb3 Bd8 17. Bf4 Ne5 18. Bxe5 dxe5 19. Qe3 h6 20. Kh1 Nh5 21. Bf1 Bg5
22. Qxb6 Bxc1 23. Rxc1 Nf4 24. Na5 Re7 25. c5 Qa8 26. Qd6 Ng6 27. Na4 Rd8 28.
Qb6 Rd2 29. c6 Bc8 30. Qe3 Ra2 31. Bc4 Rxg2 32. Kxg2 Nf4+ 33. Kh1 g5 34. Qc5 Ng6
35. Nb6 Qb8 36. Nxc8 Qxc8 37. Rd1 Kg7 38. Nb7 f5 39. Nd6 Qc7 40. exf5 Nf4 41.
fxe6 Kf6 42. Ne4+ Kg7 43. Rd7 1-0

[Event "Titled Tue 3rd Jun Early"]
[Site "chess.com INT"]
[Date "2025.06.03"]
[Round "2"]
[White "Silva Lucena, Cristian"]
[Black "Aranda, Juan Manuel"]
[Result "0-1"]
[WhiteTitle "FM"]
[BlackTitle "CM"]
[WhiteElo "2257"]
[BlackElo "2134"]
[WhiteFideId "2232588"]
[BlackFideId "160458"]
[EventDate "2025.06.03"]

1. d4 d6 2. e4 g6 3. Nf3 Bg7 4. Bc4 c6 5. Qe2 d5 6. exd5 cxd5 7. Bb5+ Nc6 8. O-O
Nf6 9. c3 O-O 10. Re1 Bg4 11. h3 Bxf3 12. Qxf3 Qb6 13. Bd3 e6 14. Nd2 a6 15. Qe2
Qc7 16. Nf3 b5 17. a3 Rfb8 18. Bg5 Na5 19. Ne5 Nc4 20. Bh4 a5 21. Bg3 Qb7 22. b3
Nxe5 23. Bxe5 Rc8 24. Rac1 b4 25. cxb4 axb4 26. a4 Rc3 27. Rxc3 bxc3 28. Qc2 Rc8
29. a5 Nd7 30. Bxg7 Kxg7 31. a6 Qa7 32. b4 Qxd4 33. b5 Nb6 34. Ra1 e5 35. a7 e4
36. Bf1 Qd2 37. Qxd2 cxd2 38. Rd1 Rc2 39. g4 Kf6 40. Kg2 Ke5 41. Kg3 g5 42. h4
h6 43. hxg5 hxg5 44. Be2 Kd4 45. Ra1 Na8 46. Ra6 Rb2 47. Rc6 Rxb5 48. Rc8 Nb6
49. a8=Q Nxa8 50. Rxa8 Rb1 51. Ra4+ Ke5 52. Ra7 f6 53. Re7+ Kd4 54. Rf7 Re1 0-1

[Event "Titled Tue 3rd Jun Early"]
[Site "chess.com INT"]
[Date "2025.06.03"]
[Round "2"]
[White "Putnam, Liam"]
[Black "Negrean, Andrei"]
[Result "0-1"]
[WhiteTitle "IM"]
[BlackTitle "FM"]
[WhiteElo "2443"]
[BlackElo "2336"]
[WhiteFideId "30938279"]
[BlackFideId "1291513"]
[EventDate "2025.06.03"]

1. d4 Nf6 2. Nc3 d5 3. Bf4 c5 4. e4 Nxe4 5. Nxe4 dxe4 6. dxc5 Qa5+ 7. c3 Qxc5 8.
Qa4+ Nc6 9. Qxe4 g6 10. Nf3 Bg7 11. Qe3 Qxe3+ 12. Bxe3 O-O 13. Bb5 Bd7 14. O-O-O
Rfd8 15. Rhe1 a6 16. Bc4 Bg4 17. Bd5 Rac8 18. h3 Bf5 19. g4 Nb4 20. gxf5 Nxd5
21. fxg6 hxg6 22. Bg5 f6 23. Bd2 Kf7 24. Kb1 e5 25. h4 Ne7 26. Be3 Nf5 27. Bb6
Rxd1+ 28. Rxd1 Ke6 29. Rg1 Kf7 30. Rd1 Ke6 31. Kc2 Rh8 32. Rg1 Kf7 33. Rg4 Ne7
34. a4 Ke6 35. b4 f5 36. Rc4 Rc8 37. Rxc8 Nxc8 38. Bc5 Nd6 39. Ng5+ Kd5 40. Bxd6
Kxd6 41. f3 Bf6 42. Kd3 b6 43. Kc4 Kc6 44. Nf7 b5+ 45. axb5+ axb5+ 46. Kd3 Kd5
47. Ng5 Bxg5 48. hxg5 f4 49. Kd2 e4 50. fxe4+ Kxe4 51. Ke2 f3+ 52. Kf2 Kf4 53.
Kf1 Ke3 54. Ke1 f2+ 55. Kf1 Kf3 56. c4 bxc4 57. b5 c3 58. b6 c2 59. b7 c1=R# 0-1

[Event "Titled Tue 3rd Jun Early"]
[Site "chess.com INT"]
[Date "2025.06.03"]
[Round "2"]
[White "Triapishko, Alexandr"]
[Black "Mora Munoz, Alejandro"]
[Result "0-1"]
[WhiteTitle "IM"]
[BlackTitle "FM"]
[WhiteElo "2459"]
[BlackElo "2147"]
[WhiteFideId "14122286"]
[BlackFideId "4469844"]
[EventDate "2025.06.03"]

1. c4 e6 2. Nc3 d5 3. d4 Nf6 4. cxd5 exd5 5. Bg5 c6 6. e3 Bd6 7. Bd3 O-O 8. Qc2
h6 9. Bh4 Re8 10. Nge2 a5 11. O-O Na6 12. a3 Bxh2+ 13. Kxh2 Ng4+ 14. Kg3 Qd6+
15. Nf4 g5 16. Rh1 Nxe3 17. fxe3 Rxe3+ 18. Kh2 Qxf4+ 19. g3 Qg4 20. Be2 Qxd4 21.
Kg2 Qe5 22. Bf3 Bf5 23. Qf2 Re8 24. g4 Rxf3 25. Qxf3 Be4 26. Nxe4 dxe4 27. Qe3
gxh4 28. Rxh4 Qxb2+ 29. Kg3 Qxa1 30. Rxh6 Qe5+ 31. Kg2 Qg7 32. Kg3 Qe5+ 33. Kg2
Re6 34. Rh5 Qf6 35. Rf5 Qb2+ 36. Kg3 Rg6 37. Qxe4 Qc3+ 38. Kg2 Qd2+ 39. Kg3 Qd6+
40. Kg2 Nc7 41. Rxa5 Ne6 42. Ra8+ Kh7 43. g5 Qd2+ 44. Kf1 Qxg5 45. Qh1+ Rh6 46.
Qe4+ Qg6 47. Qxg6+ Kxg6 48. Rb8 b5 49. Rb6 Nd4 50. Kf2 Kf5 51. Ke3 Ke5 52. Kd3
Rh3+ 53. Kd2 Rxa3 0-1

[Event "Titled Tue 3rd Jun Early"]
[Site "chess.com INT"]
[Date "2025.06.03"]
[Round "2"]
[White "Rahman, Masruri"]
[Black "Rodriguez, Santiago"]
[Result "1-0"]
[WhiteTitle "FM"]
[BlackTitle "CM"]
[WhiteElo "2407"]
[BlackElo "2252"]
[WhiteFideId "7101163"]
[BlackFideId "3000591"]
[EventDate "2025.06.03"]

1. d4 Nf6 2. Bf4 d5 3. e3 c5 4. Nf3 e6 5. Nbd2 Bd6 6. Bg3 Qc7 7. c3 Nbd7 8. Bd3
O-O 9. e4 e5 10. O-O exd4 11. cxd4 Bxg3 12. hxg3 cxd4 13. exd5 Nc5 14. Rc1 Qd6
15. Bc4 d3 16. b4 Ncd7 17. Qb3 Nb6 18. Bxd3 Nbxd5 19. a3 Be6 20. Nc4 Qd8 21.
Rfd1 h6 22. Bb1 b5 23. Nce5 a5 24. Nc6 Qb6 25. bxa5 Qb7 26. Nfd4 Bg4 27. f3 Bd7
28. Qxb5 Bxc6 29. Qxc6 Qa7 30. Qc5 Qxa5 31. Qxa5 Rxa5 32. Rd3 Rfa8 33. Rb3 g6
34. Nb5 Rb8 35. Bd3 Kg7 36. Rcb1 h5 37. Nd6 Rxb3 38. Rxb3 Nd7 39. Rb7 Ne5 40.
Be4 Nf6 41. Bc2 Rxa3 42. Bb3 Ra1+ 43. Kf2 Rb1 44. f4 Rb2+ 45. Ke3 Neg4+ 46. Kd4 1-0

[Event "Titled Tue 3rd Jun Early"]
[Site "chess.com INT"]
[Date "2025.06.03"]
[Round "2"]
[White "Teterev, Vitaly"]
[Black "Ambartsumian, Tyhran"]
[Result "0-1"]
[WhiteTitle "GM"]
[BlackTitle "CM"]
[WhiteElo "2258"]
[BlackElo "2179"]
[WhiteFideId "13501429"]
[BlackFideId "34161112"]
[EventDate "2025.06.03"]

1. e4 e5 2. Nf3 Nc6 3. Bb5 a6 4. Bxc6 dxc6 5. O-O f6 6. d4 exd4 7. Nxd4 c5 8.
Nb3 Qxd1 9. Rxd1 Bg4 10. f3 Be6 11. Bf4 c4 12. Nd4 O-O-O 13. Nc3 Bf7 14. Nf5
Rxd1+ 15. Rxd1 Ne7 16. Nxe7+ Bxe7 17. Nd5 Bc5+ 18. Kf1 Rd8 19. Nc3 Rxd1+ 20.
Nxd1 b5 21. Ke2 Kd7 22. Be3 Bd6 23. g3 b4 24. c3 a5 25. Bf4 Bc5 26. Be3 Be7 27.
Bc1 Kc6 28. Ne3 g6 29. h4 Kb5 30. g4 Bd6 31. Nc2 Bg3 32. Nd4+ Kb6 33. Be3 c5 34.
Nc2 b3 35. axb3 cxb3 36. Na3 Bxh4 37. Kd3 Bg3 38. Nc4+ Kb5 39. Na3+ Kc6 40. Nc4
a4 41. f4 h5 42. gxh5 gxh5 43. e5 f5 44. Nd6 Be6 45. Nc4 h4 46. Nd2 h3 47. Nf1
Be1 0-1

[Event "Titled Tue 3rd Jun Early"]
[Site "chess.com INT"]
[Date "2025.06.03"]
[Round "2"]
[White "Begunov, Konstantin"]
[Black "Kornev, Alexei"]
[Result "0-1"]
[WhiteTitle "FM"]
[BlackTitle "GM"]
[WhiteElo "2325"]
[BlackElo "2500"]
[WhiteFideId "4118510"]
[BlackFideId "4120949"]
[EventDate "2025.06.03"]

1. d4 Nc6 2. c4 e5 3. d5 Bb4+ 4. Nd2 Nce7 5. a3 Bxd2+ 6. Bxd2 d6 7. e4 Nf6 8.
Bd3 Ng6 9. Ne2 O-O 10. Qc2 c6 11. h4 Nh5 12. g3 cxd5 13. exd5 f5 14. Nc3 Bd7 15.
O-O-O Nf6 16. Bxf5 Rc8 17. b3 Ne7 18. Bxd7 Qxd7 19. Be3 b5 20. Nxb5 Nexd5 21.
Kb2 a6 22. Nc3 Nxe3 23. fxe3 Qb7 24. Rhf1 Rxc4 25. Qd3 Rfc8 26. Rc1 R4c5 27. e4
Qc6 28. Qd2 Nxe4 29. Nxe4 Qxe4 30. Qxd6 Rc2+ 31. Rxc2 Qxc2+ 32. Ka1 Qxb3 33. Qb4
Qc3+ 34. Qxc3 Rxc3 35. Kb2 Rxg3 36. Rf5 e4 37. Re5 e3 38. Kc3 Rh3 39. h5 e2+ 40.
Kb4 Rh2 41. Ka5 Rxh5 42. Rxh5 e1=Q+ 43. Kxa6 Qe6+ 44. Ka5 g6 45. Rb5 h5 46. a4
h4 47. Rb8+ Kg7 48. Rb7+ Kh6 49. Rb6 Qd5+ 50. Rb5 Qa8+ 51. Kb4 h3 52. Ra5 Qg2
53. Rc5 h2 54. Rc8 h1=Q 55. Rh8+ Kg5 56. Rxh1 Qxh1 57. a5 Qa8 58. Kb5 Kf4 59. a6
g5 60. Kb6 g4 61. a7 g3 0-1

[Event "Titled Tue 3rd Jun Early"]
[Site "chess.com INT"]
[Date "2025.06.03"]
[Round "2"]
[White "Aarit Kapil"]
[Black "Gholami Orimi, Mahdi"]
[Result "1-0"]
[WhiteTitle "CM"]
[BlackTitle "GM"]
[WhiteElo "2098"]
[BlackElo "2511"]
[WhiteFideId "33408947"]
[BlackFideId "12558486"]
[EventDate "2025.06.03"]

1. e4 g6 2. d4 Bg7 3. Nc3 d6 4. Nf3 Bg4 5. Bc4 Nf6 6. e5 dxe5 7. Bxf7+ Kf8 8.
Bb3 Nc6 9. dxe5 Qxd1+ 10. Nxd1 Nd7 11. Ng5 Nc5 12. f3 Nxb3 13. cxb3 Bf5 14. f4
h6 15. Nf3 Kf7 16. Ne3 Be4 17. O-O Rhd8 18. Nd2 Bd3 19. Rf2 e6 20. Ndf1 Bf8 21.
Ng4 h5 22. Nf6 Nb4 23. Bd2 Nc2 24. Rc1 Bc5 25. Bc3 Rac8 26. Ng3 Ne3 27. Nge4 Bb6
28. Ng5+ Ke7 29. h3 Nd5 30. Nxd5+ Rxd5 31. Bb4+ Kd7 32. Be1 Bxf2+ 33. Bxf2 b6
34. Nh7 Ke7 35. Nf6 Rdd8 36. Bh4 Kf7 37. Nh7 Rd5 38. Ng5+ Ke7 39. Ne4+ Kf8 40.
Nd6 Ra8 41. Rxc7 Bb1 42. Rf7+ Kg8 43. Bf6 Rxd6 44. Rg7+ Kf8 45. exd6 Be4 46. d7
Bc6 47. Rh7 Kg8 48. Rh8+ Kf7 49. Rxa8 Bxd7 50. Rxa7 1-0

[Event "Titled Tue 3rd Jun Early"]
[Site "chess.com INT"]
[Date "2025.06.03"]
[Round "2"]
[White "Tleukhanov, Yerlan"]
[Black "Chelly, Yahya"]
[Result "1-0"]
[WhiteTitle "FM"]
[BlackTitle "CM"]
[WhiteElo "2169"]
[BlackElo "2039"]
[WhiteFideId "13749692"]
[BlackFideId "5516200"]
[EventDate "2025.06.03"]

1. c4 e6 2. Nf3 d5 3. g3 dxc4 4. Bg2 Nf6 5. Qa4+ Nbd7 6. Qxc4 c5 7. O-O a6 8. d3
b5 9. Qc2 Bb7 10. Nc3 Be7 11. e4 O-O 12. h3 Rc8 13. Be3 Qc7 14. Rfe1 Rfd8 15.
Rac1 Qb8 16. Qb1 Qa8 17. Bf4 Nf8 18. Ne5 Ng6 19. Nxg6 hxg6 20. Red1 c4 21. d4 b4
22. Na4 Bxe4 23. Nb6 Bxb1 24. Bxa8 Rxa8 25. Rxb1 Ra7 26. Nxc4 Nd5 27. Na5 Rad7
28. Bd2 Bf6 29. a3 Rc8 30. Nb3 bxa3 31. bxa3 Nb6 32. Be1 Nc4 33. Rbc1 Rdc7 34.
a4 Be7 35. Rc2 Ba3 36. Ra1 Bd6 37. Rac1 Ba3 38. Rb1 Bd6 39. a5 f6 40. Kf1 Kf7
41. Ke2 Ke7 42. Rbc1 Ba3 43. Ra1 Bd6 44. Ra4 e5 45. dxe5 Nxe5 46. Rxc7+ Rxc7 47.
Ra2 Nc4 48. Nd4 Be5 49. Nf3 Ke6 50. Rc2 Rc6 51. Bb4 1-0

[Event "Titled Tue 3rd Jun Early"]
[Site "chess.com INT"]
[Date "2025.06.03"]
[Round "2"]
[White "Novosel, Lovro"]
[Black "Daianu, Cristian-Clement"]
[Result "1-0"]
[WhiteTitle "FM"]
[BlackTitle "FM"]
[WhiteElo "2346"]
[BlackElo "2205"]
[WhiteFideId "14547120"]
[BlackFideId "1208926"]
[EventDate "2025.06.03"]

1. Nf3 Nf6 2. c4 g6 3. b3 Bg7 4. Bb2 O-O 5. e3 c6 6. Be2 d5 7. O-O a5 8. d3 a4
9. b4 Nbd7 10. a3 Re8 11. Nc3 e5 12. Rc1 Qe7 13. Nxa4 e4 14. dxe4 dxe4 15. Nd4
Ne5 16. Nb6 Rb8 17. Nxc8 Rbxc8 18. h3 Rcd8 19. Qc2 Qc7 20. Rfd1 Qc8 21. Bf1 Nh5
22. Ne2 f5 23. Nf4 Nxf4 24. exf4 Nd3 25. Bxd3 exd3 26. Qb3 Bxb2 27. Qxb2 Re4 28.
g3 Qe6 29. Qc3 Red4 30. Rd2 Qe4 31. h4 Qf3 32. c5 Re4 33. Rcd1 Re2 34. Rxe2 Qxe2
35. Rd2 Qe1+ 36. Kh2 Qe4 37. a4 Qd4 38. Qb3+ Kg7 39. Kg2 Qe4+ 40. Kh2 Qd4 41. a5
Qe4 42. Qc3+ Qd4 43. Qa3 Qc4 44. Qb2+ Rd4 45. Qa1 Kf7 46. Qe1 Re4 47. Qd1 Rd4
48. Qe1 Re4 49. Qa1 Rd4 50. a6 bxa6 51. Qa5 Qb5 52. Qc7+ Kf6 53. Qe5+ 1-0